000 00681cam a22002292c 4500
001 1618103121
003 DE-627
005 20260213093815.0
007 tu
008 160118s2007 xx ||||| 00| ||ger c
020 _a3938555041
035 _a(DE-627)1618103121
035 _a(DE-576)45430742X
035 _a(DE-599)BSZ45430742X
040 _aDE-627
_bger
_cDE-627
_erakwb
041 _ager
100 1 _aRadochla, Rolf
_d1950-
_4aut
245 1 0 _aSchulze Worreschke und andere Rubener
_bNiederlausitzer Land- und Leutegeschichten vom Rande des Spreewalds; mal mehr, mal weniger fiktiv, mal fast ganz wirklich
300 _a207 S.
_bAbb.
942 _2z
_cB
951 _aBO
999 _c374291
_d374291